000 00578nam a2200181Ia 4500
001 17102
005 20260306170400.0
008 260306t2013||||xx |||||||||||||| ||und||
041 _aESP
082 _a657.458
_bF74
100 _aFonseca Luna, Oswaldo
_eAUT
245 0 _aSistemas de control interno para organizaciones:
_bguía práctica y orientaciones para evaluar el control interno: COSO-COCO-BASEL-GUÍA TUMBULL-COBIT-ERM-SOX-INTOSAI-OMB A -123
260 _c2013
300 _a542 páginas :
_c24 cm.
650 _aGEN
654 _aCCO
942 _cLIB
_dJUS
_fJUS
_2ddc
_n
999 _c17102
_d17102